000 00763nam a2200241 a 4500
001 BRCA_7935
005 20190320210046.0
008 070314s1969----enka###f##---#000-0#eng-#
041 _aeng
044 _aenk
050 4 _aNK7495
_b.C46
_c1969
100 1 _aCescinsky, Herbert
_914805
245 1 0 _aEnglish domestic clocks
_cby Herbert Cescinsky and Malcom R. Webster
260 _aLondres
_bSpring Books
_c1969
300 _a354 p.
_bil., 12 láminas
_c31 cm.
500 _a3020
500 _aIlustraciones de los dibujos y fotografías elaboradas por los autores
650 1 4 _aRelojes
_vHistoria
_919643
650 1 4 _aRelojes
_vDecoración de interiores
_zInglaterra
_919644
700 1 _aWebster, Malcom R.
_ecoaut.
_919645
902 _aGFM
942 _2lcc
_cB
999 _c7605
_d7605